| 000 | 00538nam a22001697a 4500 | ||
|---|---|---|---|
| 999 |
_c8470 _d8470 |
||
| 008 | 201125b ||||| |||| 00| 0 eng d | ||
| 040 | _aBMS College of Architecture | ||
| 100 | _aSindhujaa, S Shri | ||
| 245 | _aAn ode to sungudi - a craft revival project Madurai | ||
| 300 | _a38p. | ||
| 500 | _a1BM14AT082 | ||
| 502 |
_8B,Arch _NBMS College of Architecture Visvesvaraya Technological University (VTU) _aProject report _d2018 |
||
| 650 | _aMadurai | ||
| 700 |
_aShanu Raina _eGuide |
||
| 700 |
_aSanal Suresh _eGuide |
||
| 942 |
_2ddc _cTHE |
||